Sistemas de transmisión por fibra óptica / (Record no. 79690)

MARC details
000 -LEADER
campo de control de longitud fija 00586nam a2200157 i 4500
001 - NÚMERO DE CONTROL
campo de control 79690
003 - IDENTIFICADOR DE NÚMERO DE CONTROL
campo de control ES-MaACL
007 - CAMPO FIJO DE DESCRIPCIÓN FÍSICA--INFORMACIÓN GENERAL
campo de control de longitud fija t|
008 - DATOS DE LONGITUD FIJA--INFORMACIÓN GENERAL
campo de control de longitud fija 041022s1984 sp ||||1| spa d
100 1# - ENTRADA PRINCIPAL--NOMBRE DE PERSONA
Nombre de persona Hernando Rábanos, José María.
9 (RLIN) 63113
245 10 - MENCIÓN DEL TÍTULO
Título Sistemas de transmisión por fibra óptica /
Mención de responsabilidad, etc. José María Hernando Rábanos, Miguel Pérez Guerrero.
260 ## - PUBLICACIÓN, DISTRIBUCIÓN, ETC.
Lugar de publicación, distribución, etc. Madrid :
Nombre del editor, distribuidor, etc. Cátedra de Sistemas de Telecomunicación, E.T.S. Ingenieros de Telecomunicación,
Fecha de publicación, distribución, etc. [1984]
300 ## - DESCRIPCIÓN FÍSICA
Extensión IV, 193 p. ;
Dimensiones 29 cm.
700 1# - ENTRADA AGREGADA--NOMBRE PERSONAL
Nombre de persona Pérez Guerrero, Miguel.
9 (RLIN) 90925
852 ## - LOCALIZACIÓN
Ubicación ES-MaACL
Número de control de estantería L-7241
Sublocalización o colección R.107725
Holdings
Estatus retirado Estado de pérdida Estado de daño No para préstamo Biblioteca de origen Biblioteca actual Ubicación en estantería Fecha de adquisición Fuente de adquisición Total de préstamos Signatura topográfica completa Código de barras Visto por última vez Precio de reemplazo Tipo de ítem Koha
        Biblioteca del Ateneo de Madrid Biblioteca del Ateneo de Madrid Depósito 2 17/01/2008     L-7241 1083328 23/02/2023 23/02/2023 Libro impreso